Môže iniciatíva týkajúca sa centier excelentnosti EÚ účinne prispievať k zmierňovaniu chemických, biologických, rádiologických a jadrových rizík s pôvodom mimo EÚ? osobitná správa č. 17 : (podľa článku 287 ods. 4 druhého pododseku ZFEÚ)

Gespeichert in:
Bibliographische Detailangaben
Körperschaft: European Court of Auditors
Format: Buch
Sprache:Slowakisch
Veröffentlicht: Luxemburg Úrad pre vydávanie publikácií Európskej únie 2014
Schlagworte:
Tags: Tag hinzufügen
Keine Tags, Fügen Sie das erste Tag hinzu!

MARC

LEADER 00000nam a2200000 4500
001 0196421
005 20240318125658.7
020 |a 978-92-9207-060-1 
022 |a 1831-0931 
041 0 |a slo 
044 |a LU 
245 1 0 |a Môže iniciatíva týkajúca sa centier excelentnosti EÚ účinne prispievať k zmierňovaniu chemických, biologických, rádiologických a jadrových rizík s pôvodom mimo EÚ?  |b osobitná správa č. 17 : (podľa článku 287 ods. 4 druhého pododseku ZFEÚ) 
264 1 |a Luxemburg  |b Úrad pre vydávanie publikácií Európskej únie  |c 2014 
300 |a 31 s. 
610 2 0 |a audit 
610 2 0 |a revízia 
610 2 0 |a systémy riadenia 
610 2 0 |a bezpečnosť 
610 2 0 |a bezpečnosť jadrová 
610 2 0 |a riziko 
610 2 0 |a priemysel chemický 
610 2 0 |a likvidácia odpadu 
710 2 |a European Court of Auditors